|
|
|
|
| LEADER |
00000nab a2200000 a 4500 |
| 001 |
vtls000499930 |
| 003 |
SK-MaSNL |
| 005 |
20260304040915.0 |
| 008 |
220422c1993 xo 0 slo |
| 015 |
|
|
|a SNBRB19rr/mm-uuuuu
|
| 035 |
|
|
|a CL0500068
|
| 040 |
|
|
|a SNKBUCL
|b slo
|c SNKBUCL
|e AACR2
|
| 041 |
0 |
|
|a slo
|
| 044 |
|
|
|a xo
|c SK
|
| 080 |
|
|
|a 615.33
|2 1981
|
| 100 |
1 |
|
|a Hupková, Martina
|4 aut
|9 999901
|
| 245 |
1 |
0 |
|a Penicilíny a základné cefalosporínové antibiotiká
|c Martina Hupková, Jana Blahová, Vladimír Krčméry st.
|
| 300 |
|
|
|b Obr. 8, lit. 8 zázn. v angl., slov.
|
| 650 |
0 |
7 |
|a penicilíny
|2 SNKPH
|9 16084
|
| 650 |
0 |
7 |
|a cefalosporíny
|2 SNKPH
|9 16779
|
| 655 |
|
7 |
|a články z novín a časopisov
|2 SNK
|9 267496
|
| 700 |
1 |
|
|a Blahová, Jana
|4 aut
|9 472974
|
| 700 |
1 |
|
|a Krčméry, Vladimír,
|d 1931-2014
|4 aut
|9 175351
|
| 773 |
0 |
|
|t Slovakofarma revue
|g Roč. 3, č. 3-4 (1993), s. 78-82
|
| 850 |
|
|
|a Slovenská národná knižnica v Martine
|a MTA001
|
| 852 |
|
|
|a SNK
|b KIS3GCP
|
| 958 |
|
|
|a NB
|
| 958 |
|
|
|a RK
|
| 958 |
|
|
|a ME
|
| 992 |
|
|
|a RBX
|
| 999 |
|
|
|c 2665575
|d 2667505
|